000 00473cam a2200193 4500
001 D1058
008 090401t1977 xxu||||| |||| 00| 0 eng d
035 _a(Sirsi) u62423
041 _aeng
050 _a693.1
100 _aAshurst, John
245 _aStone in building: its use and potential today
260 _aLondon
_bArchitectural Press
_c1977
300 _a105p. ill. 30cm
350 _a6.95
700 _aDimes, Francis G
942 _n0
948 _c04/03/1997
999 _c94406
_d94406